MARC details
| 000 -LEADER |
| fixed length control field |
02215cam a2200553Ii 4500 |
| 001 - CONTROL NUMBER |
| control field |
ocn788241825 |
| 003 - CONTROL NUMBER IDENTIFIER |
| control field |
OCoLC |
| 005 - DATE AND TIME OF LATEST TRANSACTION |
| control field |
20201202175651.0 |
| 008 - FIXED-LENGTH DATA ELEMENTS--GENERAL INFORMATION |
| fixed length control field |
120422t20122011nyu d 000 1 eng d |
| 020 ## - INTERNATIONAL STANDARD BOOK NUMBER |
| International Standard Book Number |
9780399256509 : HRD |
| 020 ## - INTERNATIONAL STANDARD BOOK NUMBER |
| International Standard Book Number |
0399256504 : HRD |
| 020 ## - INTERNATIONAL STANDARD BOOK NUMBER |
| International Standard Book Number |
9780142422038 (paperback) |
| 020 ## - INTERNATIONAL STANDARD BOOK NUMBER |
| International Standard Book Number |
0142422037 (paperback) |
| 020 ## - INTERNATIONAL STANDARD BOOK NUMBER |
| Terms of availability |
8.99 |
| 035 ## - SYSTEM CONTROL NUMBER |
| System control number |
(OCoLC)788241825 |
| 040 ## - CATALOGING SOURCE |
| Original cataloging agency |
BTCTA |
| Language of cataloging |
eng |
| Description conventions |
rda |
| Transcribing agency |
BTCTA |
| Modifying agency |
BDX |
| -- |
NYP |
| -- |
ZGH |
| -- |
AZFX8 |
| -- |
YDXCP |
| -- |
JV2 |
| -- |
OCLCQ |
| -- |
OCLCO |
| -- |
MQO |
| -- |
WACOL |
| 049 ## - LOCAL HOLDINGS (OCLC) |
| Holding library |
WACL |
| 050 14 - LIBRARY OF CONGRESS CALL NUMBER |
| Classification number |
PZ7.C635 |
| Item number |
She 2012 |
| 082 04 - DEWEY DECIMAL CLASSIFICATION NUMBER |
| Classification number |
[Fic] |
| Edition number |
23 |
| 092 ## - LOCALLY ASSIGNED DEWEY CALL NUMBER (OCLC) |
| Classification number |
F |
| Item number |
Cob |
| 100 1# - MAIN ENTRY--PERSONAL NAME |
| Personal name |
Coben, Harlan, |
| Dates associated with a name |
1962- |
| Relator term |
author. |
| 9 (RLIN) |
32280 |
| 245 10 - TITLE STATEMENT |
| Title |
Shelter : |
| Remainder of title |
a Mickey Bolitar novel / |
| Statement of responsibility, etc |
Harlan Coben. |
| 264 #1 - Production, Publication, Distribution, Manufacture, and Copyright Notice. |
| Place of production, publication, distribution, manufacture |
New York : |
| Name of producer, publisher, distributor, manufacturer |
Speak, |
| Date of production, publication, distribution, manufacture, or copyr |
2012, ©2011. |
| 264 #4 - Production, Publication, Distribution, Manufacture, and Copyright Notice. |
| Date of production, publication, distribution, manufacture, or copyr |
©2011 |
| 300 ## - PHYSICAL DESCRIPTION |
| Extent |
304 pages ; |
| Dimensions |
21 cm |
| 336 ## - Content Type |
| Content type term |
text |
| 337 ## - Media type |
| Media type term |
unmediated |
| 338 ## - Carrier type |
| Carrier type term |
volume |
| 520 ## - SUMMARY, ETC. |
| Summary, etc |
After tragic events tear Mickey Bolitar away from his parents, he is forced to live with his estranged Uncle Myron and switch high schools, where he finds both friends and enemies, but when his new girlfriend, Ashley, vanishes, he follows her trail into a seedy underworld that reveals she is not what she seems to be. |
| 521 ## - TARGET AUDIENCE NOTE |
| Target audience note |
Fiction |
| Source |
, gift |
| 650 #0 - SUBJECT ADDED ENTRY--TOPICAL TERM |
| Topical term or geographic name as entry element |
Missing persons |
| Form subdivision |
Juvenile fiction. |
| 9 (RLIN) |
5674681 |
| 650 #0 - SUBJECT ADDED ENTRY--TOPICAL TERM |
| Topical term or geographic name as entry element |
Moving, Household |
| Form subdivision |
Juvenile fiction. |
| 9 (RLIN) |
5691302 |
| 650 #0 - SUBJECT ADDED ENTRY--TOPICAL TERM |
| Topical term or geographic name as entry element |
High schools |
| Form subdivision |
Juvenile fiction. |
| 9 (RLIN) |
5675712 |
| 650 #0 - SUBJECT ADDED ENTRY--TOPICAL TERM |
| Topical term or geographic name as entry element |
Schools |
| Form subdivision |
Juvenile fiction. |
| 9 (RLIN) |
6388718 |
| 650 #0 - SUBJECT ADDED ENTRY--TOPICAL TERM |
| Topical term or geographic name as entry element |
Uncles |
| Form subdivision |
Juvenile fiction. |
| 9 (RLIN) |
5681281 |
| 650 #1 - SUBJECT ADDED ENTRY--TOPICAL TERM |
| Topical term or geographic name as entry element |
Missing persons |
| Form subdivision |
Fiction. |
| 9 (RLIN) |
6388719 |
| 650 #1 - SUBJECT ADDED ENTRY--TOPICAL TERM |
| Topical term or geographic name as entry element |
Moving, Household |
| Form subdivision |
Fiction. |
| 9 (RLIN) |
5688179 |
| 650 #1 - SUBJECT ADDED ENTRY--TOPICAL TERM |
| Topical term or geographic name as entry element |
High schools |
| Form subdivision |
Fiction. |
| 9 (RLIN) |
5675716 |
| 650 #1 - SUBJECT ADDED ENTRY--TOPICAL TERM |
| Topical term or geographic name as entry element |
Schools |
| Form subdivision |
Fiction. |
| 9 (RLIN) |
5673727 |
| 650 #1 - SUBJECT ADDED ENTRY--TOPICAL TERM |
| Topical term or geographic name as entry element |
Uncles |
| Form subdivision |
Fiction. |
| 9 (RLIN) |
5679997 |
| 650 #1 - SUBJECT ADDED ENTRY--TOPICAL TERM |
| Topical term or geographic name as entry element |
Mystery and detective stories. |
| 9 (RLIN) |
5881034 |
| 650 #7 - SUBJECT ADDED ENTRY--TOPICAL TERM |
| Topical term or geographic name as entry element |
Missing persons |
| Form subdivision |
Fiction. |
| Source of heading or term |
sears |
| 9 (RLIN) |
6388719 |
| 650 #7 - SUBJECT ADDED ENTRY--TOPICAL TERM |
| Topical term or geographic name as entry element |
Moving |
| Form subdivision |
Fiction. |
| Source of heading or term |
sears |
| 9 (RLIN) |
6385911 |
| 650 #7 - SUBJECT ADDED ENTRY--TOPICAL TERM |
| Topical term or geographic name as entry element |
High schools |
| Form subdivision |
Fiction. |
| Source of heading or term |
sears |
| 9 (RLIN) |
5675716 |
| 650 #7 - SUBJECT ADDED ENTRY--TOPICAL TERM |
| Topical term or geographic name as entry element |
Uncles |
| Form subdivision |
Fiction. |
| Source of heading or term |
sears |
| 9 (RLIN) |
5679997 |
| 655 #0 - INDEX TERM--GENRE/FORM |
| Genre/form data or focus term |
Detective and mystery stories, American. |
| 9 (RLIN) |
5881036 |
| 942 ## - ADDED ENTRY ELEMENTS (KOHA) |
| Koha item type |
BOOK |
| Source of classification or shelving scheme |
Dewey Decimal Classification |
| 948 ## - LOCAL PROCESSING INFORMATION (OCLC); SERIES PART DESIGNATOR (RLIN) |
| Series part designator, SPT (RLIN) |
07/12/2013 |
| z (OCLC) |
Sirsi |